000 00571nam a2200133Ia 4500
008 160809s9999 xx 000 0 und d
100 _aChang, Ming-Lei.
245 _aTax Aggressiveness and Firm’s Cash Holdings: The Role of Corporate Social Responsibility
245 _cMing-Lei Chang, Tze-Yu Yen, She-Chih and Chiu Yun Chen.
260 _bInternational Research Journal of Applied Finance
260 _cMayo-16
650 _xFINANCE
856 _uhttps://nebula.wsimg.com/61a84d39becdbe162cd8facd0766db14?AccessKeyId=A83663472B839ECDD54B&disposition=0&alloworigin=1
999 _c300014
_d300014